书目信息 |
| 题名: |
瞬态动力学CAE解决方案MSC.Dytran基础教程
|
|
| 作者: | 万力 , 吴莘馨 , 卞文杰 编著 | |
| 分册: | ||
| 出版信息: | 北京 北京大学出版社 2004.11 |
|
| 页数: | 290页 | |
| 开本: | 26cm | |
| 丛书名: | ||
| 单 册: | ||
| 中图分类: | O313.4-39 | |
| 科图分类: | ||
| 主题词: | 碰撞(力学)--peng zhuang ( li xue ) , 动力学--dong li xue , 应用软件--ying yong ruan jian , 碰撞(力学)--peng zhuang ( li xue )--动力学--应用软件--教材 | |
| 电子资源: | ||
| ISBN: | 7-301-08064-6 | |
| 000 | 01123nam0 2200277 45 | |
| 001 | 012005000794 | |
| 005 | 20061116104439.82 | |
| 010 | @a7-301-08064-6@dCNY39.00 | |
| 100 | @a20050629d2004 em y0chiy0121 ea | |
| 101 | 0 | @achi |
| 102 | @aCN@b110000 | |
| 105 | @aak z 000yy | |
| 200 | 1 | @a瞬态动力学CAE解决方案MSC.Dytran基础教程@Ashun tai dong li xue CAE jie jue fang an MSC.Dytran ji chu jiao cheng@f卞文杰, 万力, 吴莘馨编著 |
| 210 | @a北京@c北京大学出版社@d2004.11 | |
| 215 | @a290页@c图@d26cm | |
| 330 | @a本书详细介绍了非线性瞬态动力学软件MSC.Dytran的功能及其应用方法, 主要内容包括MSC.Dytran软件的概况、分析方法与分析模型、利用MSC.Patran为MSC.Dytran进行前处理工作的方法及输入数据的结构、建模工具与手段等。 | |
| 606 | 0 | @a碰撞(力学)@Apeng zhuang ( li xue ) |
| 606 | 0 | @a动力学@Adong li xue |
| 606 | 0 | @a应用软件@Aying yong ruan jian |
| 606 | 0 | @a碰撞(力学)@Apeng zhuang ( li xue )@x动力学@x应用软件@j教材 |
| 690 | @aO313.4-39@v4 | |
| 701 | 0 | @a万力@Awan li@4编著 |
| 701 | 0 | @a吴莘馨@Awu xin xin@4编著 |
| 701 | 0 | @a卞文杰@Abian wen jie@4编著 |
| 801 | 0 | @aCN@c20061116 |
| 905 | @a10447@dO313.4-39@eB798 | |
| 瞬态动力学CAE解决方案MSC.Dytran基础教程/卞文杰, 万力, 吴莘馨编著.-北京:北京大学出版社,2004.11 |
| 290页:图;26cm |
| ISBN 7-301-08064-6:CNY39.00 |
| 本书详细介绍了非线性瞬态动力学软件MSC.Dytran的功能及其应用方法, 主要内容包括MSC.Dytran软件的概况、分析方法与分析模型、利用MSC.Patran为MSC.Dytran进行前处理工作的方法及输入数据的结构、建模工具与手段等。 |
| ● |
| 相关链接 |
|
|
|
正题名:瞬态动力学CAE解决方案MSC.Dytran基础教程
索取号:O313.4-39/B798
 
预约/预借
| 序号 | 登录号 | 条形码 | 馆藏地/架位号 | 状态 | 备注 |
| 1 | 637491 | 206374911 | 自科库401/401自科库 82排2列5层/ [索取号:O313.4-39/B798] | 在馆 | |
| 2 | 637492 | 206374920 | 自科库401/401自科库 82排2列5层/ [索取号:O313.4-39/B798] | 在馆 |